Online
Catalog

Las entrevistas de Nuremberg / (Record no. 46092)

MARC details
000 -CABECERA
campo de control de longitud fija 01053nam a2200301 u 4500
001 - NÚMERO DE CONTROL
campo de control 000046603
003 - IDENTIFICADOR DEL NÚMERO DE CONTROL
campo de control DO-SdBNP
005 - FECHA Y HORA DE LA ÚLTIMA TRANSACCIÓN
campo de control 20250707134231.0
008 - DATOS DE LONGITUD FIJA--INFORMACIÓN GENERAL
campo de control de longitud fija 170125s2008 sp c r 001 0 eng d
020 ## - NÚMERO INTERNACIONAL ESTÁNDAR DEL LIBRO
Número Internacional Estándar del Libro 9788430605613
040 ## - FUENTE DE LA CATALOGACIÓN
Centro catalogador/agencia de origen DO-SdBNP
Lengua de catalogación spa
Centro/agencia transcriptor BNPHU
082 #4 - NÚMERO DE LA CLASIFICACIÓN DECIMAL DEWEY
Número de clasificación 940.554
Número de documento/Ítem G618e
Número de edición 22
100 1# - ENTRADA PRINCIPAL--NOMBRE DE PERSONA
Nombre de persona Goldensohn, Leon
9 (RLIN) 74586
240 14 - TÍTULO UNIFORME
Título uniforme The Nuremberg interviews
Lenguaje de la obra Español
245 10 - MENCIÓN DE TÍTULO
Título Las entrevistas de Nuremberg /
Mención de responsabilidad, etc. Leon Goldensohn ; edición e introducción de Robert Gellately.
250 ## - MENCIÓN DE EDICIÓN
Mención de edición 3a. ed.
260 ## - PUBLICACIÓN, DISTRIBUCIÓN, ETC.
Lugar de publicación, distribución, etc. Madrid :
Nombre del editor, distribuidor, etc. Taurus,
Fecha de publicación, distribución, etc. 2008.
300 ## - DESCRIPCIÓN FÍSICA
Extensión 590 p. :
Otras características físicas il., retratos, ;
Dimensiones 28 cm.
490 1# - MENCIÓN DE SERIE
Mención de serie Taurus historia
500 ## - NOTA GENERAL
Nota general Incluye índice
500 ## - NOTA GENERAL
Nota general Incluye datos biográficos del autor en la solapa de la cubeirta
650 #4 - PUNTO DE ACCESO ADICIONAL DE MATERIA--TÉRMINO DE MATERIA
Término de materia o nombre geográfico como elemento de entrada Juicio de núremberg,
Fechas vigentes 1945-1946
9 (RLIN) 74587
650 #4 - PUNTO DE ACCESO ADICIONAL DE MATERIA--TÉRMINO DE MATERIA
Término de materia o nombre geográfico como elemento de entrada Criminales de guerra
Subdivisión geográfica Alemania
Subdivisión de forma Entrevistas
9 (RLIN) 74588
650 #4 - PUNTO DE ACCESO ADICIONAL DE MATERIA--TÉRMINO DE MATERIA
Término de materia o nombre geográfico como elemento de entrada Guerra mundial II
Subdivisión cronológica 1939-1945
Subdivisión general Atrocidades
9 (RLIN) 74589
700 12 - PUNTO DE ACCESO ADICIONAL--NOMBRE DE PERSONA
Nombre de persona Gellately, Robert
Fechas asociadas al nombre 1943-
Término indicativo de función/relación ed.
9 (RLIN) 74590
830 #0 - PUNTO DE ACCESO ADICIONAL DE SERIE-TÍTULO UNIFORME
Título uniforme Taurus historia
9 (RLIN) 74591
942 ## - ELEMENTOS DE PUNTO DE ACCESO ADICIONAL (KOHA)
Fuente del sistema de clasificación o colocación Dewey Decimal Classification
Tipo de ítem Koha Libro

No items available.

Powered by Koha